000 00789nas a2200289 4500
001 BR0602537
003 BR-BrBNA
005 20231205110044.0
007 ta
008 230509b bl.|||p| |||| 00| 00por d
040 _aBR-BrBNA
_bpor
_cBiblioteca Nacional de Agricultura
041 _a(Pt)
072 _aL73
100 1 _aMelo, C.B. de
100 1 _aLeite, R.C.
245 1 _aPapilomatose bovina
650 _aGADO LEITEIRO
650 _aPAPILOMATOSE
650 _aVÍRUS
650 _aDOENÇA ANIMAL
650 _aEPIDEMIOLOGIA
650 _aPROFILAXIA
650 _aTRATAMENTO
773 0 _tCiência Veterinária nos Trópicos (Brazil)
_xISSN 1415-6326
_g(Jan-Apr 2003), v. 6(1) p. 1-12
_wBR0602537
909 _a202311
_bLúcia
_c55
_dLúcia Elande
942 _2AGRIS
_n0
_cANA
999 _c186009
_d186009